Reinforced concrete structures, Vol 1 (Record no. 82)
[ view plain ]
| 000 -LEADER | |
|---|---|
| fixed length control field | 00483cam a2200193ua 4500 |
| 003 - CONTROL NUMBER IDENTIFIER | |
| control field | OSt |
| 008 - FIXED-LENGTH DATA ELEMENTS--GENERAL INFORMATION | |
| fixed length control field | 250619b |||||||| |||| 00| 0 eng d |
| 020 ## - INTERNATIONAL STANDARD BOOK NUMBER | |
| ISBN | 9788131806449 |
| 082 ## - DEWEY DECIMAL CLASSIFICATION NUMBER | |
| Classification number | 624.18341 |
| Item number | PUN/RE |
| 100 ## - MAIN ENTRY--AUTHOR NAME | |
| Personal name | Punmia,B.C. |
| 100 ## - MAIN ENTRY--AUTHOR NAME | |
| Personal name | Jain, Arun kumar |
| 100 ## - MAIN ENTRY--AUTHOR NAME | |
| Personal name | Jain, Ashok Kumar |
| 245 ## - TITLE STATEMENT | |
| Title | Reinforced concrete structures, Vol 1 |
| 250 ## - EDITION STATEMENT | |
| Edition statement | 5 / 7 |
| 260 ## - PUBLICATION, DISTRIBUTION, ETC. (IMPRINT) | |
| Place of publication | New Delhi : |
| Name of publisher | Laxmi Publications , |
| Year of publication | 2012 |
| 300 ## - PHYSICAL DESCRIPTION | |
| Number of Pages | 1144 ; ./ 1140 |
| 700 1# - ADDED ENTRY--PERSONAL NAME | |
| Personal name | . |
| 942 ## - ADDED ENTRY ELEMENTS (KOHA) | |
| Koha item type | Books |
| Withdrawn status | Lost status | Damaged status | Home library | Current library | Date acquired | Full call number | Accession Number | Koha item type | Collection code | Shelving location | Source of acquisition | Cost, normal purchase price |
|---|---|---|---|---|---|---|---|---|---|---|---|---|
| Withdrawn | KAUAET | KAUAET | 07/04/2012 | 624.18341 PUN/RE | 19255 | Books | ||||||
| KAUAET | KAUAET | 07/04/2012 | 624.18341 PUN/RE | 21882 | Books | |||||||
| KAUAET | KAUAET | 07/04/2012 | 624.18341 PUN/RE | 22096 | Books | |||||||
| KAUAET | KAUAET | 31/03/2012 | 624.18341 PUN/RE | 22711 | Books | Non-fiction | General Stacks | Penta Books,Calicut | 425.00 | |||
| KAUAET | KAUAET | 25/07/2016 | 624.18341 PUN/RE | 24180 | Books | General Stacks | Penta Books, Calicut | 475.00 |
